000 00484nam a2200145Ia 4500
008 211109s9999||||xx |||||||||||||| ||und||
082 _a894.812
_bKUR-A
100 _aKruvila, Manayanikkal
245 0 _aAbrahakutty Nadakam
260 _bManorama Publishing House
_aKottayam
_c1959
300 _a62p
630 _xGeneral Stack
650 _aLiterature & rhetoric
_vLiteratures of other languagesAltaic, Uralic, Hyperborean & Dravidianmalayalam literature
_xMalayalam
942 _cBOOK
999 _c20051
_d20051